00944nam a2200229 i 4500001000700000003000700007005001700014008004100031080002100072100003900093245008100132260003900213300003800252490004700290504003600337595004400373700002600417830005500443852007100498999001900569952012600588186487SpMaBN20260610142500.0161117m19711980fr |||| |dfre d a821.133.1-82"19"1 aValéry, Paul,d1871-1945924319710aOeuvres /cPaul Valéry ; édition établie et annotée par Jean Hytier. a[Paris] :bGallimard,c[1971-1980] a2 v. (1857 p.; 1670 p.) ;c18 cm.1 aBibliothèque de la Pléiade ;v127, 148 aBibliografía: p. [1609]-1664. av. 1 publ. en 1980; v. 2 publ. en 1971.1 aHytier, Jean.91612830 aBibliothèque de la Pléiade ;v127, 1489180233 aES-MaACLjL-30828-29z- enc. guaflexz. - Donat. Miguel A. Velasco c186487d186487 00104070aATENEOMbATENEOMcDEPO2d2016-11-17eDONl0oL-30828-29p1196652r2023-02-23 00:00:00w2023-02-23yMONOGRAFIA